000 00479nam a2200193Ia 4500
003 LK-CoDNM
005 20240212150718.0
008 010623t1893 xxu||||| |||| 00| 1 sin d
040 _aLK-CoDNM
_dLK-CoDNM
_eLK-CoDNM
041 _asin
080 _a104
_bS 9
100 _aWickramanayaka,B
245 _aඋපමා සයුර 1
246 _aUpamaa Sayura.Part I
260 _bLakmini Pahana
_aColombo
_c1893
300 _b12p., 18 cm
650 _aUpamaa
942 _cBK
999 _c83771
_d83771